Statistics for 合肥轨道交通1号线站点(至2023年底)

Click here to take the quiz!

General Stats

  • This quiz has been taken 9 times
  • The average score is 16 of 26

Answer Stats

1号线% Correct
合肥火车站
100%
合肥南站
89%
合工大南区
78%
南站南广场
78%
葛大店
78%
秋浦河路
78%
张洼
78%
九联圩
78%
大东门
78%
骆岗
67%
紫庐
67%
包公园
67%
望湖城
67%
长淮
67%
明光路
67%
瑶海公园
56%
滨湖会展中心
56%
朱岗
56%
塘西河公园
56%
云谷路
56%
兴华苑
44%
金斗公园
44%
高王
44%
万达城
33%
万年埠
33%
丙子铺
33%

Score Distribution

Percentile by Number Answered

Percent of People with Each Score

Your Score History

You have not taken this quiz